00315pab a2200121 454500008004000000100001600040245005100056260000900107300001300116362001100129650001900140773003400159180718b2013 xxu||||| |||| 00| 0 eng d aSidhu, B.K. aIndia and the challenge of the melting article c2013 ap.17-19. a27 Jul aArctic council aEconomic and Political Weekly